000 01081nam a22002537a 4500
005 20170123164152.0
010 _aB-124439
020 _c160.00
035 _aB-124439
037 _bCen Lib / Ret
040 _aDPL
_bPN
082 _a850.8
_bਭੁੱਲਰ
245 _aਪੀਲੀ ਪੰਨੇਯਾਂ ਦੀ ਇਬਾਰਤ /
_cਸੰਪਾਦਕ ਜਸਬੀਰ ਭੁੱਲਰ
246 _aPeeley panneyan di ibarat : a unique colleage of ajit caur pen pictures /
_bedited by Jasbir Bhullar
260 _aਲੁਧਿਆਣਾ
_bਚੇਤਨਾ ਪ੍ਰਕਾਸ਼ਨ
_c2005
270 _aਪੰਜਾਬੀ ਭਵਨ ਲੁਧਿਆਣਾ
_bਲੁਧਿਆਣਾ
300 _a179p.
_c21cm(pbk)
650 _a ਪੰਜਾਬੀ ਸਾਹਿਤ
_9126794
650 _aਪੰਜਾਬੀ ਕਹਾਣੀਆਂ
_9126795
650 _aਪੰਜਾਬੀ - ਸਾਹਿਤ
_9126796
650 _aPunjabi Literature -- Fiction
_99827
700 _aਭੁੱਲਰ, ਜਸਬੀਰ
_9126797
942 _2ddc
_cPN
_h850.8
_mਭੁੱਲਰ
999 _c110389
_d110389